Genome Informatics 2009 : Genome Informatics Series Vol. 22 - Proceedings Of The 9th Annual International Workshop On Bioinformatics And Systems Biology (Ibsb 2009).

Bibliographic Details
Main Author: Klipp, Edda.
Other Authors: Delisi, Charles., Kanehisa, Minoru., Miyano, Satoru., Mohr, Scott., Wallach, Iwona.
Format: eBook
Language:English
Published: Singapore : World Scientific Publishing Company, 2010.
Edition:1st ed.
Subjects:
Online Access:Click to View
LEADER 01837nam a22004093i 4500
001 EBC6383174
003 MiAaPQ
005 20231204023215.0
006 m o d |
007 cr cnu||||||||
008 231204s2010 xx o ||||0 eng d
020 |a 9781848165786  |q (electronic bk.) 
020 |z 9781848165694 
035 |a (MiAaPQ)EBC6383174 
035 |a (Au-PeEL)EBL6383174 
035 |a (OCoLC)1231605926 
040 |a MiAaPQ  |b eng  |e rda  |e pn  |c MiAaPQ  |d MiAaPQ 
100 1 |a Klipp, Edda. 
245 1 0 |a Genome Informatics 2009 :  |b Genome Informatics Series Vol. 22 - Proceedings Of The 9th Annual International Workshop On Bioinformatics And Systems Biology (Ibsb 2009). 
250 |a 1st ed. 
264 1 |a Singapore :  |b World Scientific Publishing Company,  |c 2010. 
264 4 |c Ã2010. 
300 |a 1 online resource (215 pages) 
336 |a text  |b txt  |2 rdacontent 
337 |a computer  |b c  |2 rdamedia 
338 |a online resource  |b cr  |2 rdacarrier 
588 |a Description based on publisher supplied metadata and other sources. 
590 |a Electronic reproduction. Ann Arbor, Michigan : ProQuest Ebook Central, 2023. Available via World Wide Web. Access may be limited to ProQuest Ebook Central affiliated libraries.  
655 4 |a Electronic books. 
700 1 |a Delisi, Charles. 
700 1 |a Kanehisa, Minoru. 
700 1 |a Miyano, Satoru. 
700 1 |a Mohr, Scott. 
700 1 |a Wallach, Iwona. 
776 0 8 |i Print version:  |a Klipp, Edda  |t Genome Informatics 2009: Genome Informatics Series Vol. 22 - Proceedings Of The 9th Annual International Workshop On Bioinformatics And Systems Biology (Ibsb 2009)  |d Singapore : World Scientific Publishing Company,c2010  |z 9781848165694 
797 2 |a ProQuest (Firm) 
856 4 0 |u https://ebookcentral.proquest.com/lib/matrademy/detail.action?docID=6383174  |z Click to View